000 00194nam a22001097a 4500
041 _aeng
080 _a80
100 _aDaum, E.
245 _aWorterbuch.
650 _aReference
999 _c277790
_d277790
942 _cBK